000
00251 a2200097 4500
999
_c
323079
_d
323079
001
88006
003
NUST
082
_a
150 SHA
245
_a
Zahn-e-Insaani Hudood aur Imkanaat
_c
Shahzad Ahmad
_h
Urdu
260
_a
Lahore
_b
Sang-e-Meel
_c
1990
942
_a
CAE NUST
_c
BK
_k
150 SHA
_2
ddc